000 00241nam a2200097Ia 4500
001 1220232
005 20250827092807.0
008 250824s9999 xx 000 0 und d
245 0 _aLİSTE
_cPATRICIA FORDE
260 _bGENÇ TİMAŞ YAYINLARI
999 _c1220232
_d1220232